Calciatori Vincitori UEFA Champions League - Morte improvvisa - Statistics

Statistiche generali
  • Questo quiz è stato fatto 6.872 volte
    2.634 dall'ultimo reset
  • Il punteggio medio è 7 su 30
Answers on the Grid
Answers color-coded by a green-red scale on the quiz's grid according to % correct below.
Toni Kroos
Luka Modrić
Paolo Maldini
Cristiano Ronaldo
Karim Benzema
Clarence Seedorf
Mateo Kovačić
David Alaba
Lionel Messi
Raphaël Varane
Ferenc Puskás
Johan Cruijff
Franz Beckenbauer
Raúl
Dani Alves
Keylor Navas
Karl-Heinz Rummenigge
Carlo Ancelotti
Edwin van der Sar
Xabi Alonso
Sergi Roberto
Álvaro Morata
James Rodríguez
Xherdan Shaqiri
Thomas Müller
Ousmane Dembélé
Didier Drogba
Alessandro Del Piero
Fernando Torres
Robert Lewandowski
Diego Maradona
Ronaldo
Gianluigi Buffon
Lothar Matthäus
Dennis Bergkamp
Michael Ballack
Zlatan Ibrahimović
Patrick Vieira
Gabriel Batistuta
George Weah
Pavel Nedvěd
Ruud van Nistelrooy
Eric Cantona
Roberto Baggio
Michael Owen
Hernan Crespo
Cesc Fabregas
Francesco Totti
Fabio Cannavaro
Lilian Thuram
Lautaro Martínez
Hugo Lloris
Mats Hummels
Paul Pogba
Edinson Cavani
Gianluca Zambrotta
Diego Forlán
Mesut Özil
Miroslav Klose
Robinho
 
Statistiche sulle risposte
Risposta % Corretto
Cristiano Ronaldo
35%
Lionel Messi
35%
Luka Modrić
34%
Toni Kroos
33%
Karim Benzema
32%
Paolo Maldini
31%
Clarence Seedorf
30%
Dani Alves
29%
Keylor Navas
29%
Raphaël Varane
29%
Ousmane Dembélé
28%
Robert Lewandowski
28%
Thomas Müller
28%
Didier Drogba
27%
David Alaba
24%
Alessandro Del Piero
23%
Xabi Alonso
23%
Carlo Ancelotti
22%
Mateo Kovačić
21%
Álvaro Morata
20%
Raúl
20%
James Rodríguez
19%
Sergi Roberto
18%
Edwin van der Sar
17%
Johan Cruijff
17%
Ferenc Puskás
13%
Fernando Torres
13%
Franz Beckenbauer
12%
Xherdan Shaqiri
7%
Karl-Heinz Rummenigge
5%
Nessun quiz corrispondente trovato
Distribuzione punteggi
Percentuale di utenti per punteggio
Percentile per numero di risposta
I tuoi punteggi nel tempo
Non hai fatto questo quiz dall'ultimo reset